000 00522nam a22001937a 4500
005 20251108165237.0
008 250721s1993 xx 000 0 ara d
082 1 4 _a923.1/بشا
100 1 _aبشارة، مروان
245 1 0 _aبيل كلينتون /
264 1 _aبيروت :
_bدار الساقي،
_c1993.
300 _a134ص
650 1 7 _aالتراجم
650 1 7 _aرؤساء الدول
650 1 7 _aالإدارة
650 1 7 _aالسياسة الخارجية
942 _2ddc
_cBK
999 _c23070
_d23070